Cursos de Postgrado en la Comunidad Europea : guía de cursos seleccionados para graduados, diplomados y profesionales de países fuera de la comunidad Europea ... /

Guardado en:
Autor Corporativo: German Education and Training (GET)
Formato: Libro
Idioma:Spanish
Publicado: Bruselas : GET, 1989-
Materias:
Etiquetas: Agregar Etiqueta
Sin Etiquetas, Sea el primero en etiquetar este registro!
LEADER 00864nam a22001815a 4500
001 EIQ.libpla001649
008 061124s1989####be############000#0#spa#d
005 20061211160820.0
245 1 0 |a Cursos de Postgrado en la Comunidad Europea :  |b guía de cursos seleccionados para graduados, diplomados y profesionales de países fuera de la comunidad Europea ... /  |c German Education and Training (GET). 
260 |a Bruselas :  |b GET,  |c 1989- 
300 |a v. ;  |c 30 cm. 
650 4 |a Transferencia tecnológica  |x Guía. 
650 4 |a Technological transference  |x Guide. 
040 |a AR-BbSID  |b spa  |c AR-BbSID 
110 2 |a German Education and Training (GET) 
859 |a AR-BbSID  |b BIB. PLAPIQUI  |h 378.4  |i G 317  |k R  |p 2316  |v 1990/91  |3 1990-91 
859 |a AR-BbSID  |b BIB. PLAPIQUI  |h 378.4  |i G 317  |k R  |p 3820  |v 1991-92  |3 1991-92 
859 |a AR-BbSID  |b BIB. PLAPIQUI  |h 378.4  |i G 317  |k R  |p 3877  |v 1992-93  |3 1992-93